000 00486nam a2200169Ia 4500
005 20250923144220.0
008 008 250917s9999 xx 000 0 eng d
037 _aTextual
040 _aDSWL
_beng
_cDSWL
041 _aeng
_2eng
084 _aX0V2z7, H6
_qDSWL
245 2 _aA memorandumon on government functions
260 _aWardha
_bAll India Village Industries Association
_c1946
300 _a286p.
942 _cTEXL
_hX0V2z7, H6
999 _c1436167
_d1436167